Geography Quiz

Random Geography or World Quiz

Alphabetical Countries of the World Quiz Stats

 Plays Quiz not verified by Sporcle

Score 0/195 Timer 15:00
0 Plays Today
% Correct
Afghanistan
92.4%
Azerbaijan
91.6%
Albania
90.3%
Denmark
88.2%
Austria
87.8%
Australia
87.6%
Algeria
87.4%
France
87.1%
Haiti
86.2%
Finland
85.9%
Bahamas
85.7%
Jamaica
85.6%
Andorra
85.4%
Armenia
84.6%
Djibouti
83.8%
Honduras
83.8%
Iceland
83.7%
Japan
83.7%
Antigua and Barbuda
83.6%
Eritrea
83.1%
Fiji
82.9%
Oman
82.4%
Bahrain
82.3%
Argentina
82.2%
Angola
81.9%
India
81.4%
Hungary
81%
Jordan
81%
Czech Republic
80.9%
Kazakhstan
80.4%
Qatar
80.3%
Ireland
80.1%
Ethiopia
80%
Canada
79.6%
Cambodia
79.4%
Indonesia
79.4%
Iran
79%
Iraq
78.9%
Kyrgyzstan
78.9%
Dominica
78.7%
Egypt
78.6%
Barbados
78.5%
Belgium
78.5%
Cameroon
78.5%
Dominican Republic
78.5%
Gabon
78.3%
Burundi
77.8%
The Gambia
77.7%
Laos
77.6%
Estonia
77.5%
Italy
77.5%
Democratic Republic of the Congo
77.1%
Guyana
76.6%
Guinea
76.4%
Belize
76.2%
Germany
75.7%
Israel
75.4%
Guinea-Bissau
75.3%
Cyprus
74.8%
Kenya
74.8%
Latvia
74.4%
Ecuador
74.3%
Chile
73.6%
Bangladesh
72.9%
Namibia
72.6%
% Correct
China
72.4%
Yemen
72%
Rwanda
71.8%
Belarus
71.6%
Kiribati
71.6%
Benin
71.5%
Zambia
71.3%
Zimbabwe
71.3%
Brazil
71.1%
Burkina Faso
71.1%
Macedonia
71.1%
Bolivia
70.7%
Bhutan
70.3%
Equatorial Guinea
70.3%
Ghana
70.2%
Comoros
69.9%
El Salvador
69.7%
Guatemala
69.4%
Botswana
69%
Luxembourg
68.8%
Russia
68.8%
Chad
68.3%
Liberia
68.3%
Cuba
68.2%
Bulgaria
68%
Liechtenstein
67.9%
Lithuania
67.9%
Madagascar
67.9%
Kuwait
67.8%
Palau
67.6%
Romania
67.3%
Bosnia and Herzegovina
67%
United Kingdom
67%
Kosovo
66.9%
Greece
66.6%
United States
66.6%
Lesotho
66.4%
Myanmar
66.4%
Croatia
66.2%
Central African Republic
66.1%
Mali
66.1%
Libya
65.9%
Brunei
65.7%
Grenada
64.3%
Malawi
64.1%
Nauru
64.1%
Panama
64.1%
Cape Verde
63.8%
Vatican City
63.7%
Venezuela
63.4%
Uzbekistan
63.3%
Colombia
63.1%
Costa Rica
62.8%
Vanuatu
62.5%
Norway
62.2%
United Arab Emirates
62%
Lebanon
61.8%
Poland
61.7%
Pakistan
61.4%
Mauritania
61%
Mauritius
61%
Niger
60.8%
Vietnam
60.5%
Peru
60.4%
Nigeria
60.3%
% Correct
Mexico
60.1%
North Korea
60.1%
Uruguay
59.9%
Georgia
59.7%
St. Lucia
59.7%
Syria
59.7%
Maldives
59.6%
Netherlands
59.5%
Paraguay
59.5%
Portugal
59.5%
Malta
59.4%
St. Kitts and Nevis
59.1%
St. Vincent and the Grenadines
58.7%
Uganda
58.6%
Sweden
58.1%
Malaysia
57.7%
Republic of the Congo
57.7%
Switzerland
57.7%
Nepal
57.6%
Monaco
57.1%
Côte d'Ivoire
56.3%
Montenegro
56.1%
Morocco
55.8%
Swaziland
55.3%
Mozambique
55%
Nicaragua
54.3%
Ukraine
53.9%
San Marino
53.8%
Turkmenistan
53.8%
Tajikistan
52.9%
Turkey
52.7%
Samoa
52.5%
Marshall Islands
52.2%
Philippines
52%
Moldova
51.7%
New Zealand
51.6%
Papua New Guinea
51.2%
Taiwan
51.2%
Sao Tome and Principe
50.2%
Senegal
49.8%
Mongolia
49.2%
Suriname
49%
Micronesia
48.7%
Tuvalu
48.4%
Tanzania
47.1%
Sudan
47.1%
South Korea
46.6%
South Africa
46.5%
Thailand
45.6%
Serbia
44.8%
Seychelles
44.6%
Togo
44.6%
Slovakia
42.9%
Tonga
42.5%
Slovenia
42.4%
Spain
41.8%
Somalia
41.7%
Tunisia
40%
Timor Leste
39.2%
Saudi Arabia
38.9%
Trinidad and Tobago
38.7%
Sierra Leone
38.2%
Singapore
38%
Solomon Islands
35.9%
Sri Lanka
35.4%

You're not logged in!

Compare scores with friends on all Sporcle quizzes.
OR
Log In

Show Comments

Extras

Top Quizzes Today


Score Distribution

Your Account Isn't Verified!

In order to create a playlist on Sporcle, you need to verify the email address you used during registration. Go to your Sporcle Settings to finish the process.

Report this User

Report this user for behavior that violates our Community Guidelines.

Details: